The Archaeology of Bhakti II: Royal Bhakti, Local Bhakti/ (Record no. 190811)

MARC details
000 -LEADER
fixed length control field 00615nam a22001817a 4500
005 - DATE AND TIME OF LATEST TRANSACTION
control field 20220805120716.0
010 ## - LCCN (DPL NO)
LC control number ENG-134301
020 ## - INTERNATIONAL STANDARD BOOK NUMBER
International Standard Book Number 978-2-85539-221-9
Terms of availability 1500.00.00
035 ## - SYSTEM CONTROL NUMBER
System control number EN-117833
037 ## - SOURCE OF ACQUISITION
Source of stock number/acquisition DBAD/PUB
082 ## - DEWEY DECIMAL CLASSIFICATION NUMBER
Classification number 294.509548
245 ## - TITLE STATEMENT
Title The Archaeology of Bhakti II: Royal Bhakti, Local Bhakti/
Statement of responsibility, etc edited by Emanuel Francis & Charlotte Schmid
260 ## - PUBLICATION, DISTRIBUTION, ETC. (IMPRINT)
Place of publication, distribution, etc Pondicherry
Name of publisher, distributor, etc Pondicherry Centre of the EFEO focus
Date of publication, distribution, etc 2017
270 ## - ADDRESS
City Pondicherry
Address 16 & 19, Dumas Street
Postal code 605001
300 ## - PHYSICAL DESCRIPTION
Extent 609p.
Dimensions 22cm(hb)
700 ## - ADDED ENTRY--PERSONAL NAME
Personal name Emanuel Francis
942 ## - ADDED ENTRY ELEMENTS (KOHA)
Source of classification or shelving scheme Dewey Decimal Classification
Item type English Books
Classification part 294.509548
Call number suffix ARC
Holdings
Withdrawn status Lost status Not for loan Collection code Home library Current library Date acquired Source of acquisition Cost, normal purchase price Full call number Barcode Copy number Cost, replacement price Koha item type
      Non-fiction Bawana Bawana 05/08/2022 DBAD/PUB 1500.00 294.509548 ARC EN-117833 1 1500.00 English Books

© Delhi Public Library
Hit Counter
free hit counter